00248nam a22000857a 4500008004100000082001900041245008500060260000900145300000800154230703b xxu||||| |||| 00| 0 eng d a342bCKRC 2002 aTaarifa ya Tume ya Marekebisho ya Katiba ya Kenya Toleo FupibChaguo la Wananchi c2002 a72p